Unternehmensilliquidität - ursachen, vorbeugungsmassnahmen und lösungsansätze

Identifikácia jednotlivých foriem finančných problémov podnikateľského subjektu, vnútorné a vonkajšie príčiny, ktoré ich môžu vyvolať, ako aj možnosti ich prevencie. Formálne a neformálne, zákonom stanovené postupy riešenia finančných problémov.

Saved in:
Bibliographic Details
Main Author: Sivák, Rudolf, 1955-
Other Authors: Mikócziová, Jana
Format: Book Chapter
Language:German
Subjects:
Tags: Add Tag
No Tags, Be the first to tag this record!

MARC

LEADER 00000naa$a2200000$$$4500
001 0068949
005 20240502071831.9
041 0 |a ger 
044 |a SK 
245 1 0 |a Unternehmensilliquidität - ursachen, vorbeugungsmassnahmen und lösungsansätze  |c Rudolf Sivák, Jana Mikócziová 
520 |a Identifikácia jednotlivých foriem finančných problémov podnikateľského subjektu, vnútorné a vonkajšie príčiny, ktoré ich môžu vyvolať, ako aj možnosti ich prevencie. Formálne a neformálne, zákonom stanovené postupy riešenia finančných problémov. 
610 2 0 |a podnik 
610 2 0 |a podnikatelia 
610 2 0 |a prostredie podnikateľské 
610 2 0 |a reštrukturalizácia 
610 2 0 |a financie podnikové 
610 2 0 |a insolventnosť 
610 2 0 |a konkurzy 
100 1 |a Sivák, Rudolf, 1955- 
700 1 |a Mikócziová, Jana